| 000 | 00506nam a22001937a 4500 | ||
|---|---|---|---|
| 003 | OSt | ||
| 005 | 20180116183004.0 | ||
| 008 | 150804b xxu||||| |||| 00| 0 eng d | ||
| 020 | _a9789327235975 | ||
| 040 | _c0 | ||
| 082 | _a658.15 GUP 2014 | ||
| 100 | _aShashi K. Gupta | ||
| 245 |
_aFinancial Management _btheory and Prictice _cShashi K. Gupta |
||
| 250 | _a8th | ||
| 260 |
_aIndia _bKalyani Publishers _c2014 |
||
| 300 |
_a1000 p. Aprox _bPB |
||
| 440 | _aFinancial Managemen | ||
| 942 |
_2ddc _cBK |
||
| 999 |
_c349964 _d349964 |
||